00246 a2200109 450000100060000008200150000610000220002124500530004325000060009626000180010250000160012038008 a670.42 KAL aKalpakjian Serope aManufacturing engineering and technology, 3rd Ed a3 aNYbAASc1995 aIE textbook